00818nam a22001817a 4500003000500000082001600005100002500021245010700046260003900153300001500192505016000207650002300367651003000390700005500420942001200475999001900487952013000506NUST a621.382,MAS aMasud, Fahad9132922 aVoice Controlled Smart Car /cFahad Masud, hassan aslam, Abdul Qadir and Hassan Saif (BETE-54 /TCC-29) aRawalpindibMCS (NUST)cJune, 2021 aix, 25 p.; aIntroduction (Page-1), Concepts and Literature survey (Page-4), Design and Working (Page-9), Applications (Page-210, Conclusion and Future Scope (Page-23). aUG Project9131132 a(BETE-54 /TCC-29)9132912 aSupervised by Asst. Prof. Dr. Abdul Wakeel9132877 2ddccPR c615946d615946 00102ddc4070aMCSbMCScREFd2026-01-26l0o621.382,MASpMCSPTE-306r2026-01-26w2026-01-26yPRzAlmirah No.90, Shelf No.4